00883nam a2200265Ia 450000100060000000300090000600500170001500800410003202000220007304000280009504100080012308200170013110000170014824501470016526000900031230000180040265000310042065000300045165000340048170000190051570000200053470000200055470000180057470000250059219609DO-CoUTE20260204212606.0220104s9999 dr 000 0 spa d a978-958-725-033-6 aDO-CoUTEbspacDO-CoUTE0 aspa a635.41 G463c1 aGil, Rodrigo10aEl cultivo de la espinaca (Spinacia oleracea L.):y su manejo fitosanitario en Colombia / Rodrigo Gil y otros seis;coordinador, Jaime Jiménez aBogotá, Colombia : Editorial Fundación Universidad de Bogotá Jorge Tadeo Lozano a132 páginas 4aEspinaca-Control de plagas 4aEspinaca-cultivo-Colombia 4aspinaca-Enfermedades y plagas1 aArias, Luis A.1 aEspinosa, Ligia1 aFuentes, Luz S.1 aNiño, Nancy1 aRodríguez, Marcela